LIGUE 1 23/24 KLUBY - Statystyki

Ogólne statystyki
  • Ten quiz został rozwiązany 225 razy
    167 od ostatniego zresetowania
  • Średni wynik to 12 z 18
Statystyki odpowiedzi
Odpowiedź % Poprawnych
Paris Saint-Germain
99%
Olympique Lyon
92%
Olympique Marseille
91%
AS Monaco
79%
RC Lens
78%
OGC Nice
75%
LOSC Lille
71%
FC Nantes
67%
Stade Brestois 29
67%
Stade Rennais FC
67%
Stade Reims
63%
Clermont Foot 63
52%
Montpellier HSC
52%
FC Toulouse
51%
RC Strasbourg Alsace
50%
FC Lorient
47%
Le Havre AC
47%
FC Metz
37%
Nie znaleziono quizów pasujących do podanych kryteriów
Rozkład punktacji
Procent ludzi z każdym wynikiem
Percentyl według liczby udzielonych odpowiedzi
Twoja historia wyników
Nie rozwiązałeś tego quizu od ostatniego zresetowania